Are you an Australian? - Statistics

General Stats
  • This quiz has been taken 21 times
  • The average score is 9 of 12
Answer Stats
Hint Answer % Correct
Popular yeast spread Vegemite
100%
Another word for 'Flip-flops' Thongs
88%
Animal on the 20 cent coin Platypus
82%
Another word for a service station Servo
82%
Most popular sport AFL
76%
Current Prime Minister Anthony Albanese
76%
Where do you go for a $1 dollar slushy 7-Eleven
71%
Name of the Women's soccer (Football) team Matildas
65%
Name of the Men's soccer (Football) team Socceroos
65%
Poisonous pest (especially in Queensland) Cane toads
59%
Food bought from Bunnings on a Sunday Snag
59%
Which Australian famously won gold at the 2002 Winter Olympics for speed skating Steven Bradbury
29%
No matching quizzes found
Score Distribution
Percent of People with Each Score
Percentile by Number Answered
Your Score History
You have not taken this quiz